000 00446nam a2200181Ia 4500
005 20240823055044.0
008 240823s9999||||xx |||||||||||||| ||und||
041 _aENGLISH
082 _A621.402 Q4
100 _aVijayaraghavan G K
245 0 _aThermal Engineering
250 _a9th
260 _c2014
_bAR Publica
_aNagapattanam
500 _aYES
650 _aThermal Engineering
_bMechanical
700 _aVishnupriyan S
942 _cBK
999 _c227898
_d227898